000 00509nam a2200181Ia 4500
999 _c28710
_d28710
003 OSt
005 20210112122132.0
008 190216s9999||||xx |||||||||||||| ||und||
020 _a9788130001180
040 _coclc
082 _a894.81
_bSPOT/S
100 _aPottekkat, S K
_92068
245 0 _aSampoorna Kathakal /
_cS K Pottekkat
260 _bPoorna Publication,
_aKozhikode:
_c1978.
300 _a516p
650 _aKathakal
942 _cBK
_2ddc
_h894.81
_iSPOT/S
_k894.81
_mSPOT/S